Score 0/19 Timer 12:00
0 Plays Today
Question Answer % Correct
President of the United States Barack Obama
100%
President of CubaRaul Castro
96%
President of RussiaVladmir Putin
92%
Chancellor of GermanyAngela Merkel
92%
Prime Minister of Great BritainDavid Cameron
84%
President of FranceFrancois Hollande
80%
Prime Minister of IsraelBenjamin Netanyahu
72%
Prime Minister of RussiaDmitry Medvedev
68%
President of AfghanistanHamid Karzai
60%
President of SyriaBashar al-Assad
52%
Question Answer % Correct
Supreme Leader of North KoreaKim Jong Un
48%
Prime Minister of CanadaStephen Harper
48%
President of EgyptAdly Mansour
40%
President of IranHassan Rouhani
24%
President of MexicoEnrique Pena Nieto
16%
Prime Minister of IraqNouri al-Maliki
12%
President of ChinaXi Jinping
8%
President of PakistanMamnoon Hussain
4%
President of VenezualaNicholas Meduro
0%
Remove Ads.
Support Sporcle.
Get the best of Sporcle when you Go Orange. This ad-free experience offers more features, more stats, and more fun while also helping to support Sporcle. Thank you for becoming a member.

You're not logged in!

Compare scores with friends on all Sporcle quizzes.
OR
Log In

Show Comments

Extras

Created Oct 8, 2013ReportNominate
Tags:World Leaders Quiz

Top Quizzes Today


Score Distribution

Your Account Isn't Verified!

In order to create a playlist on Sporcle, you need to verify the email address you used during registration. Go to your Sporcle Settings to finish the process.

Report this User

Report this user for behavior that violates our Community Guidelines.

Details: